Preserving grain quality by aeration and in-store drying : (Record no. 12016)

000 -LEADER
fixed length control field 00957cam a2200193Ia 4500
020 ## - INTERNATIONAL STANDARD BOOK NUMBER
ISBN 0949511242
040 ## - CATALOGING SOURCE
Transcribing agency SDB
082 00 - DEWEY DECIMAL CLASSIFICATION NUMBER
Classification number 633 AUS 1986 A039 Or.
245 00 - TITLE STATEMENT
Title Preserving grain quality by aeration and in-store drying :
Remainder of title proceedings of an international seminar held at Kuala Lumpur, Malaysia, 9-11 October 1985 /
260 ## - PUBLICATION, DISTRIBUTION, ETC. (IMPRINT)
Place of publication Canberra :
Name of publisher Australian Centre for International Agricultural Research,
Year of publication 1986
300 ## - PHYSICAL DESCRIPTION
Number of Pages 250 p. :
Other physical details ill. ;
Dimensions 24 cm
500 ## - GENERAL NOTE
General note "Sponsored by: Group for Assistance on Systems relating to Grain After-harvest (GASGA), Australian Centre for International Agricultural Research (ACIAR), National Paddy and Rice Authority, Malaysia (LPN), Malaysian Agricultural Research and Development Institute (MARDI), ASEAN Food Handling Bureau (AFHB)."
650 #0 - SUBJECT ADDED ENTRY--TOPICAL TERM
Topical Term Grain
650 #0 - SUBJECT ADDED ENTRY--TOPICAL TERM
Topical Term Grain
650 #0 - SUBJECT ADDED ENTRY--TOPICAL TERM
Topical Term Grain
650 #0 - SUBJECT ADDED ENTRY--TOPICAL TERM
Topical Term Grain aeration
710 2# - ADDED ENTRY--CORPORATE NAME
Corporate name or jurisdiction name as entry element Australian Centre for International Agricultural Research
942 ## - ADDED ENTRY ELEMENTS (KOHA)
Koha item type សៀវភៅភាសាអង់គ្លេស
952 ## - LOCATION AND ITEM INFORMATION (KOHA)
Withdrawn status [LOCAL, KOHA] 0
952 ## - LOCATION AND ITEM INFORMATION (KOHA)
Withdrawn status [LOCAL, KOHA] 0
Holdings
Permanent Location Date acquired Koha item type Lost status Shelving location Barcode Current Location Full call number
Library Block A2017-08-09សៀវភៅភាសាអង់គ្លេស A039A18527Library Block A633 AUS 1986 A039 Or.
Library Block A2017-11-02សៀវភៅភាសាអង់គ្លេស A054A20756Library Block A633 AUS 1986 A039 Or.
មជ្ឈមណ្ឌលឯការនៃសាកលវិទ្យាល័យភូមិន្ទកសិកម្មចំការដូង

Powered by Koha